Aspering Swan (Record no. 4136)

MARC details
000 -LEADER
fixed length control field 00356nam a22001577a 4500
005 - DATE AND TIME OF LATEST TRANSACTION
control field 20160627101729.0
008 - FIXED-LENGTH DATA ELEMENTS--GENERAL INFORMATION
fixed length control field 160627b xxu||||| |||| 00| 0 eng d
041 ## - LANGUAGE CODE
Language code of text/sound track or separate title eng
082 ## - DEWEY DECIMAL CLASSIFICATION NUMBER
Item number 10383
100 ## - MAIN ENTRY--AUTHOR NAME
Personal name Roshan and Apurva
245 ## - TITLE STATEMENT
Title Aspering Swan
260 ## - PUBLICATION, DISTRIBUTION, ETC. (IMPRINT)
Name of publisher Awakindo Ashwan Press
300 ## - PHYSICAL DESCRIPTION
Number of Pages 146
650 ## - SUBJECT ADDED ENTRY--TOPICAL TERM
Topical Term Management
942 ## - ADDED ENTRY ELEMENTS (KOHA)
Koha item type Books
Holdings
Lost status Damaged status Home library Current library Shelving location Date acquired Cost, normal purchase price Full call number Accession Number Koha item type
    JRU Library   SHELF-50-C 27/06/2016 75.00 10383 10383 Books